<?xml version="1.0" encoding="UTF-8"?>
<marc:record xmlns:marc="http://www.loc.gov/MARC21/slim">
   <marc:leader>00000nam a2200000 a 4500</marc:leader>
   <marc:datafield ind1="1" ind2=" " tag="100">
      <marc:subfield code="a">Gruschka, Helga</marc:subfield>
      <marc:subfield code="4">aut</marc:subfield>
      <marc:subfield code="e">Verfasser/-in</marc:subfield>
   </marc:datafield>
   <marc:datafield ind1="0" ind2="0" tag="245">
      <marc:subfield code="a">Bildkartenset-Der Geschichtenbaukasten</marc:subfield>
   </marc:datafield>
   <marc:datafield ind1="0" ind2="0" tag="245">
      <marc:subfield code="c">Gruschka, Helga</marc:subfield>
   </marc:datafield>
   <marc:datafield ind1=" " ind2="1" tag="264">
      <marc:subfield code="a">München</marc:subfield>
      <marc:subfield code="b">Don Bosco Medien</marc:subfield>
      <marc:subfield code="c">2012</marc:subfield>
   </marc:datafield>
   <marc:datafield ind1=" " ind2=" " tag="250">
      <marc:subfield code="a">1., Aufl.</marc:subfield>
   </marc:datafield>
   <marc:datafield ind1="1" ind2=" " tag="520">
      <marc:subfield code="a">Mit ihrer grenzenlosen Fantasie bringen Schüler*innen die besten Voraussetzungen mit, gute und spannende Geschichten zu erfinden. Der große Geschichten-Baukasten hilft ihnen jetzt dabei, alleine oder in der Kleingruppe, eine Handlung zu erfinden, sie in eine zeitliche Abfolge zu bringen und die entstehende Geschichte zu erzählen.&#xD;
&#xD;
&#xD;
Aus 180 Handlungskarten wählen die Schüler*innen Anlässe, Orte, Helden und Gegenspieler aus&#xD;
Die Schüler ordnen ihre Handlungskarten den leitenden W-Fragen, Wo, Wer, Was, Wohin, Wie, auf dem Spielplan zu&#xD;
So entsteht systematisch das Grundgerüst der Geschichte&#xD;
Mit Kurzanleitung, damit die Geschichtenwerkstatt gleich losgehen kann&#xD;
Das Begleitbuch für die Lehrkraft enthält verschiedene Methoden, wie die Handlung ausgeschmückt und die Charaktere noch lebhafter geschildert werden können</marc:subfield>
   </marc:datafield>
   <marc:datafield ind1="3" ind2=" " tag="024">
      <marc:subfield code="a">4260179510892</marc:subfield>
   </marc:datafield>
   <marc:datafield ind1=" " ind2=" " tag="041">
      <marc:subfield code="a">ger</marc:subfield>
   </marc:datafield>
   <marc:datafield ind1=" " ind2=" " tag="338">
      <marc:subfield code="a">Band</marc:subfield>
   </marc:datafield>
</marc:record>
